[Event "Campeonato del Mundo Femenino 2010"]
[Site "Antakya TUR"]
[Date "2010.12.05"]
[Round "12.9"]
[White "Nadig, Kruttika"]
[Black "Harika, Dronavalli"]
[Result "0-1"]
[WhiteElo "2230"]
[BlackElo "2525"]
[PlyCount "118"]
[EventDate "2010.12.02"]
[EventType "match"]
[EventRounds "6"]
[EventCountry "TUR"]
[Source "lmi"]
[SourceDate "2010.12.02"]

1. e4 e5 2. Nf3 Nc6 3. Nc3 Nf6 4. g3 Bc5 5. Bg2 d6 6. d3 a6 7. O-O h6 8. Ne2
Ba7 9. c3 Ne7 10. Qc2 Ng6 11. b3 Bd7 12. d4 O-O 13. Nd2 Qc8 14. Nc4 Bh3 15.
dxe5 Nxe5 16. Ne3 Bxe3 17. Bxe3 Re8 18. f3 Bxg2 19. Kxg2 d5 20. exd5 Nxd5 21.
Bg1 c5 22. c4 Nb4 23. Qc3 Ng6 24. Nc1 Qf5 25. a3 Nc6 26. Ra2 Rad8 27. Qc2 Qg5
28. f4 Qe7 29. f5 Nge5 30. f6 Qd6 31. fxg7 Nd4 32. Qe4 Nxc4 33. Qf4 Qxf4 34.
Rxf4 Ne3+ 35. Bxe3 Rxe3 36. b4 Ne6 37. Rh4 Rd4 38. Rxd4 cxd4 39. Ne2 Kxg7 40.
Kf2 Rd3 41. h4 Kf6 42. Ng1 Nd8 43. Ne2 Nc6 44. Nf4 Rb3 45. Ne2 Ke5 46. Nc1 Rc3
47. Ne2 Re3 48. Nf4 Ke4 49. Re2 Ne5 50. Ra2 Nd3+ 51. Nxd3 Kxd3 52. Rb2 Kc3 53.
Ra2 Re6 54. Ra1 d3 55. Rc1+ Kd2 56. Rc5 Rf6+ 57. Kg2 Rc6 58. Rd5 Kc2 59. Kf3 d2
0-1

[Event "Campeonato del Mundo Femenino 2010"]
[Site "Antakya TUR"]
[Date "2010.12.05"]
[Round "12.11"]
[White "Ozturk, Kubra"]
[Black "Lahno, Kateryna"]
[Result "1/2-1/2"]
[WhiteElo "2264"]
[BlackElo "2522"]
[PlyCount "80"]
[EventDate "2010.12.02"]
[EventType "match"]
[EventRounds "6"]
[EventCountry "TUR"]
[Source "lmi"]
[SourceDate "2010.12.02"]

1. d4 d6 2. Nf3 g6 3. c4 Bg7 4. Nc3 Nd7 5. g3 e5 6. Bg2 Ne7 7. O-O O-O 8. e4
exd4 9. Nxd4 Nc6 10. Nde2 a5 11. Rb1 Nc5 12. b3 f5 13. Be3 Nxe4 14. Nxe4 fxe4
15. Bxe4 Qe7 16. Bd5+ Kh8 17. Qd2 Bf5 18. Rbd1 Bg4 19. f3 Rae8 20. fxg4 Qxe3+
21. Qxe3 Rxe3 22. Rxf8+ Bxf8 23. Rf1 Bg7 24. Nf4 Nd8 25. Rd1 Re8 26. Bf3 Be5
27. Nd3 Bd4+ 28. Kg2 Kg7 29. h4 h6 30. Nf4 Be5 31. Nd5 Ne6 32. h5 c6 33. Ne3
Ng5 34. hxg6 Nxf3 35. Kxf3 Kxg6 36. Nf5 Re6 37. Rh1 Bg7 38. Rd1 Be5 39. Rh1 Bg7
40. Rd1 Be5 1/2-1/2

[Event "Campeonato del Mundo Femenino 2010"]
[Site "Antakya TUR"]
[Date "2010.12.05"]
[Round "12.12"]
[White "Cmilyte, Viktorija"]
[Black "Demina, Julia"]
[Result "1-0"]
[WhiteElo "2514"]
[BlackElo "2323"]
[PlyCount "77"]
[EventDate "2010.12.02"]
[EventType "match"]
[EventRounds "6"]
[EventCountry "TUR"]
[Source "lmi"]
[SourceDate "2010.12.02"]

1. d4 Nf6 2. c4 e6 3. Nf3 Bb4+ 4. Bd2 a5 5. g3 d5 6. Bg2 O-O 7. Qc2 c6 8. O-O
Be7 9. Bg5 h6 10. Bxf6 Bxf6 11. Nbd2 Nd7 12. e4 dxe4 13. Nxe4 Be7 14. Rad1 Qc7
15. Qc3 b6 16. b3 Bb7 17. Ne5 Rad8 18. c5 b5 19. f4 Rfe8 20. a4 Nf8 21. Nd6
Bxd6 22. cxd6 Rxd6 23. axb5 f6 24. Nxc6 Bxc6 25. bxc6 Ra8 26. Qc5 Ng6 27. d5 e5
28. Be4 Ne7 29. fxe5 fxe5 30. Ra1 Nc8 31. Bf5 Qb6 32. Qxb6 Nxb6 33. Be6+ Kh7
34. c7 e4 35. Rac1 h5 36. c8=Q Nxc8 37. Bxc8 Rb8 38. Bf5+ Kh6 39. Rc6 1-0

[Event "Campeonato del Mundo Femenino 2010"]
[Site "Antakya TUR"]
[Date "2010.12.05"]
[Round "12.14"]
[White "Socko, Monika"]
[Black "Soumya, Swaminathan"]
[Result "1/2-1/2"]
[WhiteElo "2495"]
[BlackElo "2332"]
[PlyCount "112"]
[EventDate "2010.12.02"]
[EventType "match"]
[EventRounds "6"]
[EventCountry "TUR"]
[Source "lmi"]
[SourceDate "2010.12.02"]

1. d4 Nf6 2. c4 c5 3. d5 e6 4. Nc3 exd5 5. cxd5 d6 6. e4 g6 7. Bd3 a6 8. a4 Bg7
9. h3 O-O 10. Nf3 Nbd7 11. O-O Re8 12. Bf4 Nh5 13. Bh2 Qf6 14. Qd2 Rb8 15. Rfe1
Ne5 16. Be2 Bd7 17. a5 b5 18. axb6 Rxb6 19. Nxe5 dxe5 20. Bxh5 gxh5 21. Na4 Rb5
22. Qc3 Qd6 23. Re3 f5 24. exf5 Qxd5 25. Qe1 Bc6 26. Rg3 Qf7 27. Nc3 h4 28. Rg4
Rb4 29. f3 Qxf5 30. Ne4 Bxe4 31. fxe4 Qf6 32. Qe2 c4 33. Rf1 Qe7 34. Rf5 Kh8
35. Rxg7 Qxg7 36. Qh5 Qg6 37. Bxe5+ Rxe5 38. Rf8+ Kg7 39. Qxe5+ Kxf8 40. Qc5+
Kf7 41. Qxb4 Qxe4 42. Qb6 Qe1+ 43. Kh2 Qe5+ 44. Kh1 a5 45. Qb7+ Kg6 46. Qc6+
Kg5 47. Qxc4 h5 48. Qc1+ Kf5 49. Qc2+ Kf4 50. Qf2+ Kg5 51. Qd2+ Kg6 52. Qd3+
Qf5 53. Qd6+ Qf6 54. Qd3+ Qf5 55. Qd6+ Qf6 56. Qd3+ Qf5 1/2-1/2

[Event "Campeonato del Mundo Femenino 2010"]
[Site "Antakya TUR"]
[Date "2010.12.05"]
[Round "12.16"]
[White "Ruan, Lufei"]
[Black "Baginskaite, Camilla"]
[Result "0-1"]
[WhiteElo "2480"]
[BlackElo "2336"]
[PlyCount "110"]
[EventDate "2010.12.02"]
[EventType "match"]
[EventRounds "6"]
[EventCountry "TUR"]
[Source "lmi"]
[SourceDate "2010.12.02"]

1. e4 e6 2. d4 d5 3. Nc3 Bb4 4. e5 c5 5. a3 Bxc3+ 6. bxc3 Ne7 7. Qg4 Kf8 8. Bd3
Qa5 9. Bd2 Qa4 10. Ra2 b6 11. Nf3 Ba6 12. O-O Bxd3 13. cxd3 c4 14. Nh4 h6 15.
f4 g6 16. Qf3 Nf5 17. Nxf5 gxf5 18. Qd1 Qxd1 19. Rxd1 cxd3 20. a4 Nc6 21. Bc1
Ke7 22. Rxd3 Na5 23. Ba3+ Kd7 24. Rg3 Rhg8 25. Rxg8 Rxg8 26. Kf2 Rc8 27. Bb4
Nc6 28. Ba3 Nb8 29. Bb2 h5 30. Ke3 Nc6 31. Ba3 Na5 32. Bb4 Nc4+ 33. Kd3 h4 34.
Ba3 Rg8 35. Bc1 Kc6 36. Be3 Kb7 37. Bc1 Ka6 38. Be3 Ka5 39. Bc1 a6 40. Be3 h3
41. gxh3 Nxe3 42. Kxe3 Rh8 43. Kf3 Rxh3+ 44. Kg2 Rxc3 45. h4 Rc8 46. Kh3 Rh8
47. Kg3 Rh7 48. Ra1 b5 49. axb5+ Kxb5 50. Rh1 Kc4 51. h5 Kxd4 52. Kh4 Ke3 53.
Kg5 d4 54. Re1+ Kd2 55. Ra1 d3 0-1

[Event "Campeonato del Mundo Femenino 2010"]
[Site "Antakya TUR"]
[Date "2010.12.05"]
[Round "12.20"]
[White "Zhao, Xue"]
[Black "Fierro Baquero, Martha L"]
[Result "1/2-1/2"]
[WhiteElo "2474"]
[BlackElo "2363"]
[PlyCount "96"]
[EventDate "2010.12.02"]
[EventType "match"]
[EventRounds "6"]
[EventCountry "TUR"]
[Source "lmi"]
[SourceDate "2010.12.02"]

1. d4 Nf6 2. c4 c5 3. d5 b5 4. cxb5 a6 5. bxa6 g6 6. Nc3 Bxa6 7. Nf3 d6 8. e4
Bxf1 9. Kxf1 Nbd7 10. g3 Bg7 11. Kg2 O-O 12. Re1 Nb6 13. Qc2 Qd7 14. b3 e6 15.
dxe6 fxe6 16. e5 Ng4 17. Bf4 dxe5 18. Bd2 Rf5 19. h3 Nxf2 20. Re2 Raf8 21. Rf1
Rxf3 22. Rexf2 Rxf2+ 23. Rxf2 Rxf2+ 24. Kxf2 e4 25. Nxe4 Bd4+ 26. Be3 Qf7+ 27.
Ke2 Bxe3 28. Kxe3 Nd5+ 29. Kd2 Qf3 30. Qd3 Qg2+ 31. Qe2 Qg1 32. Qf2 Qb1 33.
Nxc5 Qxa2+ 34. Ke1 Qb1+ 35. Kd2 Qb2+ 36. Ke1 Qc3+ 37. Ke2 Nb4 38. Qe3 Qc2+ 39.
Kf1 Qf5+ 40. Kg2 Qd5+ 41. Kh2 e5 42. Ne4 Qc6 43. Qe2 h6 44. Nd2 Qc2 45. Qc4+
Qxc4 46. Nxc4 Nc6 47. Kg2 Kf7 48. Kf3 Nd4+ 1/2-1/2

[Event "Campeonato del Mundo Femenino 2010"]
[Site "Antakya TUR"]
[Date "2010.12.05"]
[Round "12.21"]
[White "Zawadzka, Jolanta"]
[Black "Paehtz, Elisabeth"]
[Result "1/2-1/2"]
[WhiteElo "2368"]
[BlackElo "2474"]
[PlyCount "128"]
[EventDate "2010.12.02"]
[EventType "match"]
[EventRounds "6"]
[EventCountry "TUR"]
[Source "lmi"]
[SourceDate "2010.12.02"]

1. e4 c6 2. d4 d5 3. e5 c5 4. dxc5 Nc6 5. Bb5 e6 6. Be3 Nge7 7. Nf3 Nf5 8. Qd2
Nxe3 9. Qxe3 Qa5+ 10. Nc3 a6 11. Bxc6+ bxc6 12. O-O Bxc5 13. Qg5 O-O 14. Ne2
Qd8 15. Qd2 a5 16. Nf4 Rb8 17. b3 Be7 18. Rad1 a4 19. Qe3 Qb6 20. Nd4 c5 21.
Nde2 Ba6 22. Rfe1 c4 23. Nd4 cxb3 24. cxb3 axb3 25. axb3 Bc5 26. Nh5 Kh8 27.
Nxg7 Bxd4 28. Rxd4 Qxb3 29. Qxb3 Rxb3 30. Nh5 Bd3 31. Nf6 Rfb8 32. h4 R8b4 33.
Rxb4 Rxb4 34. Re3 Bb1 35. Rc3 Rb8 36. Rc7 Kg7 37. Rd7 h6 38. g4 Bc2 39. f4 Ba4
40. Ra7 Bb5 41. Kf2 d4 42. f5 exf5 43. gxf5 Bc4 44. Rd7 d3 45. Kf3 Bb5 46. Rd4
Rc8 47. Ne4 Rc1 48. Ng3 Re1 49. Kf4 Rc1 50. Rd8 Rc4+ 51. Kf3 Bc6+ 52. Ke3 Rxh4
53. f6+ Kg6 54. Rg8+ Kh7 55. Rg7+ Kh8 56. Rxf7 Rg4 57. Nh5 Re4+ 58. Kxd3 Rxe5
59. Nf4 Ra5 60. Rc7 Ba8 61. Kd4 Bf3 62. Rc8+ Kh7 63. Rc7+ Kg8 64. Rc8+ Kf7
1/2-1/2

[Event "Campeonato del Mundo Femenino 2010"]
[Site "Antakya TUR"]
[Date "2010.12.05"]
[Round "12.22"]
[White "Hoang Thanh Trang"]
[Black "Ding, Yixin"]
[Result "1-0"]
[WhiteElo "2473"]
[BlackElo "2370"]
[PlyCount "127"]
[EventDate "2010.12.02"]
[EventType "match"]
[EventRounds "6"]
[EventCountry "TUR"]
[Source "lmi"]
[SourceDate "2010.12.02"]

1. d4 Nf6 2. Nf3 e6 3. e3 Be7 4. Bd3 c5 5. O-O cxd4 6. exd4 b6 7. c4 Bb7 8. Nc3
O-O 9. d5 exd5 10. cxd5 d6 11. Nd4 Nbd7 12. Nc6 Bxc6 13. dxc6 Nb8 14. Qa4 Qc7
15. Bg5 Qxc6 16. Bxf6 Qxa4 17. Nxa4 Bxf6 18. Be4 Na6 19. Bxa8 Rxa8 20. Rad1 Rd8
21. Nc3 Bxc3 22. bxc3 Nc5 23. Rd4 Kf8 24. Rfd1 Ke7 25. f3 b5 26. Rb1 a6 27. c4
Ne6 28. Rh4 g5 29. Rxh7 Kf6 30. cxb5 Kg6 31. Rh3 axb5 32. f4 Nxf4 33. Rhb3 Re8
34. Kf1 Nd5 35. Re1 Ra8 36. Rd1 Ne7 37. Rxd6+ f6 38. Rd2 g4 39. Rxb5 Nf5 40.
Kf2 Ra4 41. Rbd5 Rf4+ 42. Ke2 Ra4 43. Rd7 Ra3 44. Rb2 Nh4 45. g3 Nf3 46. Rd3
Ng1+ 47. Ke3 Ra5 48. a3 Nf3 49. Rb4 Nxh2 50. a4 Re5+ 51. Kf2 Rc5 52. Ra3 Rc2+
53. Ke3 f5 54. a5 Nf1+ 55. Kd4 f4 56. gxf4 Kf5 57. Ra1 Rf2 58. a6 g3 59. a7
Rxf4+ 60. Kc3 Rf3+ 61. Kc2 Rf2+ 62. Kd3 Rf3+ 63. Ke2 Rf2+ 64. Ke1 1-0

[Event "Campeonato del Mundo Femenino 2010"]
[Site "Antakya TUR"]
[Date "2010.12.05"]
[Round "12.25"]
[White "Cori T., Deysi"]
[Black "Muzychuk, Mariya"]
[Result "0-1"]
[WhiteElo "2384"]
[BlackElo "2462"]
[PlyCount "78"]
[EventDate "2010.12.02"]
[EventType "match"]
[EventRounds "6"]
[EventCountry "TUR"]
[Source "lmi"]
[SourceDate "2010.12.02"]

1. d4 f5 2. c4 Nf6 3. Nc3 e6 4. Nf3 Bb4 5. Qb3 Qe7 6. a3 Bxc3+ 7. Qxc3 b6 8. g3
Bb7 9. Bg2 d6 10. O-O Nbd7 11. d5 e5 12. Qc2 O-O 13. Qxf5 Nxd5 14. Qg5 N5f6 15.
Nh4 Nc5 16. Bxb7 Nxb7 17. f4 exf4 18. Nf5 Qd7 19. Rxf4 Nc5 20. Rf3 Rae8 21. Be3
Re4 22. Bxc5 bxc5 23. Raf1 Rxe2 24. Nh6+ Kh8 25. Nf5 Kg8 26. Nh6+ Kh8 27. Ng4
Qe7 28. b3 Re1 29. h4 Rxf1+ 30. Rxf1 Rb8 31. Ne3 Rxb3 32. Nf5 Qf7 33. Re1 h6
34. Qf4 Qg6 35. Kg2 Nh5 36. Qe4 Kh7 37. g4 Nf6 38. h5 Nxh5 39. Nxd6 cxd6 0-1

[Event "Campeonato del Mundo Femenino 2010"]
[Site "Antakya TUR"]
[Date "2010.12.05"]
[Round "12.27"]
[White "Huang, Qian"]
[Black "Ushenina, Anna"]
[Result "1/2-1/2"]
[WhiteElo "2402"]
[BlackElo "2460"]
[PlyCount "117"]
[EventDate "2010.12.02"]
[EventType "match"]
[EventRounds "6"]
[EventCountry "TUR"]
[Source "lmi"]
[SourceDate "2010.12.02"]

1. d4 d5 2. Nf3 c6 3. c4 e6 4. Qc2 Nf6 5. e3 Bd6 6. Bd3 Nbd7 7. Nc3 O-O 8. O-O
a6 9. a4 dxc4 10. Bxc4 c5 11. h3 cxd4 12. exd4 Qc7 13. Bb3 b6 14. Qe2 Bb7 15.
Be3 Ne4 16. Nxe4 Bxe4 17. Ng5 Bb7 18. Rac1 Qd8 19. Nf3 Qb8 20. Bd2 Bf4 21. Bxf4
Qxf4 22. Qe3 Qd6 23. Ne5 Nf6 24. Nc4 Qd8 25. Rfd1 Rc8 26. Ne5 Qd6 27. Nc4 Qd8
28. Ne5 Qd6 29. Nc4 Qb4 30. Qc3 Qe7 31. Qg3 Rc6 32. a5 bxa5 33. Nxa5 Rxc1 34.
Rxc1 Bd5 35. Qc7 Qb4 36. Qc3 Qb6 37. Nc4 Qb8 38. Nd2 h6 39. Bd1 Qb7 40. Bf3 Rb8
41. Rc2 Qb6 42. Nc4 Qa7 43. Ne5 Bxf3 44. Nxf3 Nd5 45. Qd2 Qb6 46. Ne5 Qb3 47.
Nc6 Ra8 48. Rc5 Qa2 49. Nb4 Qa1+ 50. Kh2 Nf6 51. Qc2 a5 52. Rc8+ Rxc8 53. Qxc8+
Kh7 54. Qc2+ Kg8 55. Qc8+ Kh7 56. Qc2+ Kg8 57. Qc8+ Kh7 58. Qc2+ Kg8 59. Qc8+
1/2-1/2

[Event "Campeonato del Mundo Femenino 2010"]
[Site "Antakya TUR"]
[Date "2010.12.05"]
[Round "12.28"]
[White "Skripchenko, Almira"]
[Black "Foisor, Cristina-Adela"]
[Result "1/2-1/2"]
[WhiteElo "2460"]
[BlackElo "2403"]
[PlyCount "39"]
[EventDate "2010.12.02"]
[EventType "match"]
[EventRounds "6"]
[EventCountry "TUR"]
[Source "lmi"]
[SourceDate "2010.12.02"]

1. e4 c5 2. c3 g6 3. d4 cxd4 4. cxd4 d5 5. exd5 Nf6 6. Bb5+ Nbd7 7. Nc3 Bg7 8.
d6 exd6 9. Qe2+ Qe7 10. Bf4 Qxe2+ 11. Ngxe2 Ke7 12. O-O Nb6 13. Rfe1 Be6 14.
Bg5 h6 15. Bh4 g5 16. Bg3 Rhd8 17. Bd3 Kf8 18. Nb5 Ne8 19. Rec1 Nd5 20. h4
1/2-1/2

[Event "Campeonato del Mundo Femenino 2010"]
[Site "Antakya TUR"]
[Date "2010.12.05"]
[Round "12.29"]
[White "Munguntuul, Batkhuyag"]
[Black "Dembo, Yelena"]
[Result "1/2-1/2"]
[WhiteElo "2409"]
[BlackElo "2454"]
[PlyCount "103"]
[EventDate "2010.12.02"]
[EventType "match"]
[EventRounds "6"]
[EventCountry "TUR"]
[Source "lmi"]
[SourceDate "2010.12.02"]

1. e4 c5 2. Nf3 d6 3. d4 cxd4 4. Nxd4 Nf6 5. Nc3 Nc6 6. Bg5 e6 7. Qd2 a6 8.
O-O-O Bd7 9. f3 h6 10. Be3 b5 11. g4 Ne5 12. a3 Rb8 13. h4 Nc4 14. Bxc4 bxc4
15. g5 Nh5 16. Nde2 Qc7 17. Kb1 Qb7 18. Qc1 hxg5 19. hxg5 g6 20. Ka1 Qc7 21.
Bd4 Rg8 22. f4 Bc6 23. Rh4 Qa5 24. f5 Be7 25. f6 Bd8 26. Na2 Bc7 27. Nb4 Ba8
28. Qd2 Qb5 29. Rb1 Qb7 30. Bc3 a5 31. Na2 Qa6 32. Re1 e5 33. Qe3 Qb5 34. Rb1
Bb6 35. Qf3 Qa4 36. Rc1 Qb5 37. Rch1 Qa4 38. Rc1 Qb5 39. Rh2 Bc7 40. Qg4 Qd7
41. Qf3 Qc6 42. Rh4 Qb5 43. Rd1 Qa4 44. Rd2 Qc6 45. Nac1 Bb6 46. Na2 Bc7 47.
Qh3 Bb6 48. Qf3 Bc7 49. Nac1 Bb6 50. Na2 Bc7 51. Kb1 Bb6 52. Ka1 1/2-1/2

[Event "Campeonato del Mundo Femenino 2010"]
[Site "Antakya TUR"]
[Date "2010.12.05"]
[Round "12.32"]
[White "Turova, Irina"]
[Black "Khukhashvili, Sopiko"]
[Result "0-1"]
[WhiteElo "2439"]
[BlackElo "2430"]
[PlyCount "74"]
[EventDate "2010.12.02"]
[EventType "match"]
[EventRounds "6"]
[EventCountry "TUR"]
[Source "lmi"]
[SourceDate "2010.12.02"]

1. d4 Nf6 2. c4 e6 3. Nc3 Bb4 4. g3 c5 5. Nf3 Nc6 6. Bg2 Ne4 7. Bd2 Bxc3 8.
bxc3 O-O 9. O-O Na5 10. Qc2 d5 11. cxd5 exd5 12. dxc5 Bf5 13. Nh4 Be6 14. Be3
Re8 15. f3 Nf6 16. Bd4 Nc4 17. Qd3 Rc8 18. Rab1 Nd7 19. Rxb7 Nxc5 20. Bxc5 Rxc5
21. Qd4 Ra5 22. f4 Nb6 23. e4 Ra4 24. Qd1 Bc8 25. Rb8 Qc7 26. Rxc8 Qxc8 27.
exd5 Qxc3 28. Nf5 g6 29. Qg4 Qf6 30. d6 Qxf5 31. Qxf5 gxf5 32. Bc6 Rd8 33. Bxa4
Nxa4 34. Rd1 Nc3 35. Rd3 Ne4 36. d7 Nf6 37. Rd6 Kg7 0-1

[Event "Campeonato del Mundo Femenino 2010"]
[Site "Antakya TUR"]
[Date "2010.12.06"]
[Round "11.1"]
[White "Ruan, Lufei"]
[Black "Baginskaite, Camilla"]
[Result "1-0"]
[WhiteElo "2480"]
[BlackElo "2336"]
[PlyCount "59"]
[EventDate "2010.12.02"]
[EventType "match"]
[EventRounds "6"]
[EventCountry "TUR"]
[Source "lmi"]
[SourceDate "2010.12.02"]

1. e4 e6 2. d4 d5 3. Nc3 Bb4 4. e5 c5 5. a3 Bxc3+ 6. bxc3 Ne7 7. Qg4 Kf8 8. Qd1
Qa5 9. Bd2 Qa4 10. Qb1 c4 11. h4 h5 12. Nh3 Nbc6 13. Be2 Ng6 14. Qd1 Nxh4 15.
Ng5 Nf5 16. Rxh5 Rxh5 17. Bxh5 Nd8 18. Ke2 Ke7 19. g4 Nh6 20. Nf3 Qe8 21. Qb1
Nc6 22. Bxh6 gxh6 23. Qc1 Qf8 24. g5 Bd7 25. Qf4 hxg5 26. Qf6+ Ke8 27. Nxg5 Nd8
28. Nh7 Qg8 29. Qh6 Ke7 30. Rg1 1-0

[Event "Campeonato del Mundo Femenino 2010"]
[Site "Antakya TUR"]
[Date "2010.12.06"]
[Round "11.2"]
[White "Mkrtchian, Lilit"]
[Black "Zhang, Xiaowen"]
[Result "0-1"]
[WhiteElo "2479"]
[BlackElo "2339"]
[PlyCount "97"]
[EventDate "2010.12.02"]
[EventType "match"]
[EventRounds "6"]
[EventCountry "TUR"]
[Source "lmi"]
[SourceDate "2010.12.02"]

1. d4 Nf6 2. Bg5 c5 3. Bxf6 gxf6 4. d5 Qb6 5. Qc1 f5 6. c4 Bg7 7. Nc3 d6 8. e3
Nd7 9. Qc2 Nf6 10. Bd3 e6 11. Nge2 Bd7 12. Rb1 Rg8 13. O-O h5 14. Kh1 h4 15. h3
Nh5 16. f4 O-O-O 17. e4 fxe4 18. Bxe4 Bh6 19. a3 Rg7 20. b4 Rdg8 21. dxe6 Bxe6
22. bxc5 Qxc5 23. Rb5 Qe3 24. f5 Ng3+ 25. Nxg3 Rxg3 26. Bxb7+ Kd8 27. Bf3 Bxc4
28. Nd5 Bxd5 29. Rxd5 Bf4 30. Rd3 Qe5 31. Qb1 Be3 32. Qe1 Bd4 33. Qb4 Bc5 34.
Qxh4+ Kc7 35. Qc4 Qxf5 36. Be2 Rxg2 37. Qxf7+ Qxf7 38. Rxf7+ Kb6 39. Rb3+ Ka5
40. Bf3 Ra2 41. Bg4 Re8 42. Rf1 Rxa3 43. Rb7 Ra2 44. Rfb1 Bb6 45. Rf7 Re5 46.
Rf3 Rc5 47. Rfb3 Rcc2 48. Rb5+ Ka6 49. Bc8+ 0-1

[Event "Campeonato del Mundo Femenino 2010"]
[Site "Antakya TUR"]
[Date "2010.12.06"]
[Round "11.3"]
[White "Paehtz, Elisabeth"]
[Black "Zawadzka, Jolanta"]
[Result "1-0"]
[WhiteElo "2474"]
[BlackElo "2368"]
[PlyCount "63"]
[EventDate "2010.12.02"]
[EventType "match"]
[EventRounds "6"]
[EventCountry "TUR"]
[Source "lmi"]
[SourceDate "2010.12.02"]

1. c4 e6 2. Nf3 d5 3. e3 Nf6 4. b3 c6 5. Bb2 Bd6 6. d4 Nbd7 7. Nc3 O-O 8. Bd3
b6 9. O-O Bb7 10. h3 Re8 11. e4 dxe4 12. Nxe4 Nxe4 13. Bxe4 Nf6 14. Bc2 c5 15.
Ne5 Qc7 16. Ng4 Nxg4 17. Qxg4 f5 18. Qh5 Rad8 19. Rad1 cxd4 20. Bxd4 Bh2+ 21.
Kh1 Be5 22. Bxe5 Qxe5 23. Rfe1 Qf4 24. Rd7 Rf8 25. Rxb7 Rd2 26. Bd1 Rxf2 27.
Bf3 Rxa2 28. Re7 Rc2 29. R1xe6 Rc1+ 30. Re1 Kh8 31. Qe8 Kg8 32. Bd5+ 1-0

[Event "Campeonato del Mundo Femenino 2010"]
[Site "Antakya TUR"]
[Date "2010.12.06"]
[Round "11.4"]
[White "Ding, Yixin"]
[Black "Hoang Thanh Trang"]
[Result "1/2-1/2"]
[WhiteElo "2370"]
[BlackElo "2473"]
[PlyCount "130"]
[EventDate "2010.12.02"]
[EventType "match"]
[EventRounds "6"]
[EventCountry "TUR"]
[Source "lmi"]
[SourceDate "2010.12.02"]

1. e4 e6 2. d4 d5 3. Nc3 Nf6 4. Bg5 dxe4 5. Nxe4 Be7 6. Bxf6 Bxf6 7. Nf3 O-O 8.
Nxf6+ Qxf6 9. Bd3 c5 10. O-O cxd4 11. Nxd4 Rd8 12. Nb5 Nc6 13. Qc1 e5 14. Qe3
Bf5 15. Rad1 Bxd3 16. Rxd3 Rxd3 17. Qxd3 Rd8 18. Qe3 a6 19. Nc3 Qe6 20. h3 h6
21. a3 Qc4 22. Re1 Rd4 23. b3 Qe6 24. Ne4 Qe7 25. c3 Rd8 26. Qb6 Rd5 27. c4 Rd4
28. Nc5 Nd8 29. Qa7 Qd6 30. a4 Kh7 31. Ne4 Qb4 32. Re3 f5 33. Qc5 Qxc5 34. Nxc5
e4 35. f3 exf3 36. Rxf3 Kg6 37. Re3 Kf7 38. Kf2 a5 39. Ke2 b6 40. Nd3 Ne6 41.
Re5 Re4+ 42. Kd2 Rxe5 43. Nxe5+ Ke7 44. Nd3 Kd6 45. Kc3 g5 46. b4 axb4+ 47.
Kxb4 h5 48. Kb5 Kc7 49. a5 Nd4+ 50. Ka6 bxa5 51. Kxa5 h4 52. Kb4 g4 53. Kc5
Ne6+ 54. Kd5 Ng5 55. Nf4 gxh3 56. gxh3 Ne4 57. c5 Nc3+ 58. Kd4 Ne4 59. Nd5+ Kd7
60. Nf4 Kc6 61. Ng6 Nxc5 62. Ne7+ Kd7 63. Nxf5 Ne6+ 64. Ke5 Ng5 65. Nxh4 Nxh3
1/2-1/2

[Event "Campeonato del Mundo Femenino 2010"]
[Site "Antakya TUR"]
[Date "2010.12.06"]
[Round "11.5"]
[White "Ushenina, Anna"]
[Black "Huang, Qian"]
[Result "0-1"]
[WhiteElo "2460"]
[BlackElo "2402"]
[PlyCount "134"]
[EventDate "2010.12.02"]
[EventType "match"]
[EventRounds "6"]
[EventCountry "TUR"]
[Source "lmi"]
[SourceDate "2010.12.02"]

1. d4 Nf6 2. g3 g6 3. Bg2 Bg7 4. e4 d6 5. Ne2 O-O 6. Nbc3 e5 7. O-O Nc6 8. dxe5
dxe5 9. Bg5 Qxd1 10. Rfxd1 h6 11. Be3 Bg4 12. h3 Bxe2 13. Nxe2 Rfd8 14. c3 Nd7
15. Nc1 Nb6 16. Rxd8+ Rxd8 17. Bf1 Bf8 18. b3 Nc8 19. Nd3 Nd6 20. f3 Kg7 21.
Nc5 b6 22. Na6 Rc8 23. Rd1 Be7 24. h4 Nb8 25. Nb4 c6 26. Nd3 f6 27. a4 Nb7 28.
Rb1 Rd8 29. b4 Nd6 30. Nb2 Nd7 31. Nc4 Nb7 32. Ra1 c5 33. b5 Na5 34. Nxa5 bxa5
35. Rd1 Kf7 36. Bc4+ Ke8 37. Bd5 Nb6 38. Bc6+ Kf7 39. Rxd8 Bxd8 40. Bxc5 Nxa4
41. Bd5+ Ke8 42. Bxa7 Bb6+ 43. Bxb6 Nxb6 44. Bg8 Na4 45. Kf2 Nxc3 46. b6 Kd7
47. Ke3 Kc6 48. Kd3 Nb5 49. Bf7 g5 50. hxg5 hxg5 51. Ke3 Kxb6 52. f4 gxf4+ 53.
gxf4 Kc5 54. fxe5 fxe5 55. Kd3 Kb4 56. Be6 a4 57. Bg8 Nd4 58. Ba2 Nb3 59. Bb1
Nc5+ 60. Kc2 Nxe4 61. Ba2 Nc5 62. Bd5 Nb3 63. Kb2 a3+ 64. Ka2 Nc5 65. Kb1 e4
66. Kc2 e3 67. Bf3 Nb3 0-1

[Event "Campeonato del Mundo Femenino 2010"]
[Site "Antakya TUR"]
[Date "2010.12.06"]
[Round "11.6"]
[White "Skripchenko, Almira"]
[Black "Foisor, Cristina-Adela"]
[Result "1-0"]
[WhiteElo "2460"]
[BlackElo "2403"]
[PlyCount "217"]
[EventDate "2010.12.02"]
[EventType "match"]
[EventRounds "6"]
[EventCountry "TUR"]
[Source "lmi"]
[SourceDate "2010.12.02"]

1. e4 c5 2. Nc3 g6 3. d4 Bg7 4. dxc5 Qa5 5. Bd2 Qxc5 6. Nd5 b6 7. Bb4 Qc6 8.
Bb5 Qb7 9. Qf3 Nc6 10. Bc3 f6 11. Qg3 d6 12. Ne2 Bd7 13. Ba6 Qb8 14. a4 e6 15.
Ne3 Nh6 16. Rd1 Nf7 17. f4 O-O 18. O-O Qe8 19. b3 Rd8 20. Rfe1 Qe7 21. Kh1 Bc8
22. Bc4 Kh8 23. Ng1 Rg8 24. Nf3 Qf8 25. Qf2 f5 26. Bxg7+ Qxg7 27. exf5 gxf5 28.
Nf1 d5 29. Bd3 Ne7 30. Ng3 h6 31. Bf1 Qc3 32. Nd4 Rg6 33. Re3 Qc5 34. Qe1 Qd6
35. Nh5 Ng8 36. Nb5 Qe7 37. Nd4 Nd6 38. Nc6 Qc7 39. Nxd8 Qxd8 40. Qc3+ Kh7 41.
Qe1 Ne4 42. Bd3 Ngf6 43. Nxf6+ Nxf6 44. Be2 Qc7 45. Rc3 Qd8 46. Bf3 Bd7 47. Qe5
Rg7 48. Rc7 a5 49. c4 Qf8 50. cxd5 exd5 51. Rcc1 Qf7 52. Bxd5 Qg6 53. Bf3 Ne4
54. Rc2 Nc5 55. Rxc5 bxc5 56. Qxc5 Qe6 57. Qd5 Qe3 58. Qc4 Be6 59. Qc1 Qxc1 60.
Rxc1 Bxb3 61. Rc5 Bxa4 62. Rxa5 Bc2 63. Rc5 Bd3 64. Rc6 Re7 65. Kg1 Be4 66.
Bxe4 Rxe4 67. g3 Kg7 68. Kf2 Ra4 69. Rc2 Kf6 70. Kg2 Kg6 71. Kh3 Ra6 72. Kh4
Rb6 73. h3 Ra6 74. Rc8 Rb6 75. Rc5 Ra6 76. g4 fxg4 77. hxg4 Ra1 78. Rc6+ Kg7
79. f5 Rh1+ 80. Kg3 Rg1+ 81. Kf3 Rf1+ 82. Ke4 Re1+ 83. Kd5 Rd1+ 84. Ke6 Re1+
85. Kd7 Rd1+ 86. Ke7 Re1+ 87. Re6 Rf1 88. Rg6+ Kh7 89. Kf6 Rf4 90. Ke6 Ra4 91.
Ke5 Ra5+ 92. Kf4 Ra4+ 93. Kg3 Ra3+ 94. Kh4 Ra1 95. Rc6 Kg7 96. Kg3 Rg1+ 97. Kf4
Rf1+ 98. Ke5 Re1+ 99. Kd6 Kf7 100. Kd5 Rg1 101. Rg6 Rg2 102. Ke4 Rg1 103. Kf3
Rh1 104. Kg2 Rh4 105. Kg3 Rh1 106. Ra6 Rg1+ 107. Kf3 Rf1+ 108. Kg2 Rf4 109. Kg3
1-0

[Event "Campeonato del Mundo Femenino 2010"]
[Site "Antakya TUR"]
[Date "2010.12.06"]
[Round "11.7"]
[White "Dembo, Yelena"]
[Black "Mungunttul, Batkhuyag"]
[Result "1/2-1/2"]
[WhiteElo "2454"]
[BlackElo "2409"]
[PlyCount "109"]
[EventDate "2010.12.02"]
[EventType "match"]
[EventRounds "6"]
[EventCountry "TUR"]
[Source "lmi"]
[SourceDate "2010.12.02"]

1. e4 c5 2. Nf3 e6 3. Nc3 Nc6 4. d4 cxd4 5. Nxd4 Qc7 6. Be3 a6 7. Be2 Nf6 8. a3
Be7 9. f4 d5 10. e5 Nd7 11. O-O O-O 12. Kh1 b5 13. Bd3 Nc5 14. Nce2 Nxd4 15.
Nxd4 f6 16. exf6 Bxf6 17. Qd2 Bd7 18. Rae1 Nxd3 19. cxd3 e5 20. fxe5 Bxe5 21.
Nf3 Bd6 22. Rc1 Qd8 23. Qc3 Rf5 24. Qd4 Be6 25. Rfe1 Bf7 26. Qg4 Qd7 27. Qh3
Be6 28. Qh4 Rff8 29. Nd4 Bf7 30. Bf4 Bxf4 31. Qxf4 Bg6 32. Qg3 Rae8 33. h3 Qa7
34. Ne6 Qf2 35. Kh2 Rf6 36. Qxf2 Rxf2 37. Nc5 Rxe1 38. Rxe1 Rxb2 39. Re5 Ra2
40. Rxd5 Rxa3 41. Rd7 Bf5 42. Rd5 Bg6 43. Rd7 Be8 44. Re7 Bc6 45. Re6 Bd5 46.
Rd6 Ba2 47. Rxa6 Rxa6 48. Nxa6 Bb1 49. Nb4 Kf7 50. Kg3 Ke6 51. Kf4 Kd6 52. d4
Bg6 53. g4 Bb1 54. h4 h6 55. g5 1/2-1/2